[Event "9ème Open International de Rouen"]
[Site "Hôtel de Région - 76000 Rouen"]
[Date "2016.12.19"]
[Round "4.3"]
[White "Loiseau, Quentin"]
[Black "Albaric, Etienne"]
[Result "1-0"]
[WhiteElo "2440"]
[BlackElo "2098"]
[PlyCount "81"]
[EventDate "2016.??.??"]

1. d4 d5 2. c4 e6 3. Nf3 Nf6 4. g3 Be7 5. Bg2 O-O 6. O-O dxc4 7. Ne5 Nc6 8.
Nxc6 bxc6 9. Na3 Bxa3 10. bxa3 Rb8 11. Qa4 Qxd4 12. Be3 Qe5 13. Qxc4 Qa5 14.
Qc5 Qxc5 15. Bxc5 Rd8 16. Rfd1 Ba6 17. Bxa7 Bxe2 18. Rxd8+ Rxd8 19. Bxc6 h5 20.
a4 Rd2 21. a5 Nd5 22. Bb7 Nb4 23. Be3 Rd7 24. Rb1 Na6 25. a4 f6 26. Re1 Bc4 27.
Rc1 Be2 28. f3 Nb4 29. Bc8 Rd1+ 30. Rxd1 Bxd1 31. Bxe6+ Kh8 32. Bd2 Nd3 33. Bd5
Nc5 34. Be3 Na6 35. Bc4 Nb4 36. Bd2 c5 37. Bxb4 cxb4 38. a6 Bxa4 39. Kf2 Bc6
40. a7 g5 41. Ke3 1-0

[Event "9ème Open International de Rouen"]
[Site "Hôtel de Région - 76000 Rouen"]
[Date "2016.12.19"]
[Round "4.4"]
[White "Le Bourhis, Dominique"]
[Black "Okhotnik, Vladimir"]
[Result "0-1"]
[WhiteElo "2065"]
[BlackElo "2429"]
[PlyCount "88"]
[EventDate "2016.??.??"]

1. Nf3 d6 2. d4 g6 3. c4 Bg7 4. Nc3 Bg4 5. e3 Nd7 6. Be2 c6 7. b3 Bxf3 8. Bxf3
Ngf6 9. O-O O-O 10. Re1 e5 11. dxe5 dxe5 12. e4 Nc5 13. Be3 Ne6 14. b4 Qe7
15. Qa4 Nd4 16. Be2 Rfd8 17. Rac1 Nd7 18. c5 Nf8 19. Qa3 Nfe6 20. Bc4 Qh4
21. Bxe6 Nxe6 22. Rcd1 Nd4 23. Qc1 Rd7 24. Nb1 Rad8 25. Kf1 Ne6 26. Rxd7 Rxd7
27. Nd2 Qd8 28. Nc4 Nd4 29. Rd1 Nb5 30. Rxd7 Qxd7 31. Qd2 Nd4 32. Nd6 b6 33. a4
bxc5 34. bxc5 h5 35. Qb2 Ne6 36. a5 Qc7 37. a6 Bf8 38. Nb7 Qd7 39. Ke1 Qd3
40. Qb4 Qxa6 41. Nd6 Qd3 42. Qb7 Bxd6 43. cxd6 Qxd6 44. Qxa7 Qb4+ 0-1

[Event "9ème Open International de Rouen"]
[Site "Hôtel de Région - 76000 Rouen"]
[Date "2016.12.19"]
[Round "4.5"]
[White "Bordais, Benjamin"]
[Black "Garcia, Adrien"]
[Result "0-1"]
[WhiteElo "2119"]
[BlackElo "2011"]
[PlyCount "62"]
[EventDate "2016.??.??"]

1. e4 Nc6 2. Nf3 f5 3. e5 d6 4. d4 dxe5 5. dxe5 Qxd1+ 6. Kxd1 Nh6 7. Bxh6 gxh6
8. Bc4 Na5 9. Bd3 c5 10. Nh4 e6 11. f4 Bd7 12. c3 Bc6 13. Ke2 Rg8 14. Rf1 O-O-O
15. Nd2 Be7 16. Nhf3 Rxg2+ 17. Ke3 Bxf3 18. Nxf3 Rxb2 19. c4 Nc6 20. Rfb1 Rg2
21. Bf1 Rc2 22. Rc1 Nd4 23. h3 Rb2 24. Nxd4 cxd4+ 25. Kd3 Rf2 26. c5 Rxf4
27. Bg2 Rf2 28. Bh1 Bg5 29. Rd1 Be3 30. Rab1 Rd7 31. Rb3 Rc7 0-1

[Event "9ème Open International de Rouen"]
[Site "Hôtel de Région - 76000 Rouen"]
[Date "2016.12.19"]
[Round "4.6"]
[White "Pineau, Jean-Jacques"]
[Black "Martine, Jean-Christophe"]
[Result "1/2-1/2"]
[WhiteElo "1779"]
[BlackElo "2075"]
[PlyCount "143"]
[EventDate "2016.??.??"]

1. e4 d6 2. d4 Nf6 3. Nc3 c6 4. Nf3 Bg4 5. Be3 e6 6. Qd2 d5 7. Ne5 Bh5 8. f3
Bb4 9. g4 Bg6 10. Nxg6 hxg6 11. e5 Nfd7 12. Bd3 a6 13. Bg5 Qb6 14. a3 Bf8
15. Be3 Qxb2 16. O-O Qb6 17. Rab1 Qc7 18. f4 c5 19. f5 gxf5 20. gxf5 cxd4
21. Bxd4 Bc5 22. Bxc5 Nxc5 23. fxe6 Nxe6 24. Qf2 Qc5 25. Rxb7 O-O 26. Qxc5 Nxc5
27. Rb4 Nc6 28. Rh4 Nxd3 29. cxd3 d4 30. Nd5 Rad8 31. Nf6+ gxf6 32. Rg4+ Kh7
33. Rf5 Kh6 34. Rh4+ Kg6 35. Rxf6+ Kg5 36. Rhf4 Ne7 37. h4+ Kh5 38. Kf2 Rd5
39. e6 Re5 40. Rxf7 Rxf7 41. exf7 Ng6 42. f8=Q Nxf8 43. Rxf8 Kxh4 44. Rf4+ Kg5
45. Rxd4 Ra5 46. a4 Kf5 47. Ke3 Ke5 48. Ke2 Rc5 49. Rh4 Rc6 50. Rh5+ Kf4
51. Rh4+ Ke5 52. Ke3 Rg6 53. Rh5+ Kd6 54. Rh4 Kd5 55. Rh5+ Kd6 56. Rf5 Rg3+
57. Ke4 Rg4+ 58. Rf4 Rg6 59. Kd4 Kc6 60. Re4 Rd6+ 61. Kc4 Kb6 62. Rd4 Rh6
63. Rd5 Rc6+ 64. Kd4 Rh6 65. a5+ Kc6 66. Kc4 Rh4+ 67. Rd4 Rh5 68. Kb4 Rb5+
69. Ka4 Rb1 70. Rc4+ Kd5 71. Ka3 Ra1+ 72. Kb4 1/2-1/2

[Event "9ème Open International de Rouen"]
[Site "Hôtel de Région - 76000 Rouen"]
[Date "2016.12.19"]
[Round "4.7"]
[White "Chavane, Thibaut"]
[Black "Mignot, Enzo"]
[Result "0-1"]
[WhiteElo "1792"]
[BlackElo "1869"]
[PlyCount "108"]
[EventDate "2016.??.??"]

1. e4 e6 2. c4 c5 3. Nc3 Nc6 4. d3 Be7 5. f4 d6 6. Nf3 Nf6 7. Be2 O-O 8. O-O
d5 9. exd5 exd5 10. Ne5 Nd4 11. Bf3 Be6 12. f5 Bxf5 13. Bxd5 Nxd5 14. Nxd5 Bd6
15. Nf3 Bg4 16. Qd2 Bxf3 17. gxf3 Qh4 18. Qg2 Rae8 19. Bg5 Ne2+ 20. Kh1 Ng3+
21. Qxg3 Bxg3 22. Bxh4 Bxh4 23. Nc3 Re3 24. Rad1 Rd8 25. Nd5 Re2 26. b4 cxb4
27. Nxb4 Rd6 28. Nd5 Rh6 29. Nc3 Rc2 30. Rc1 Rb2 31. Rb1 Rc2 32. Rbc1 Rxc1
33. Rxc1 Re6 34. Kg2 Kf8 35. Rc2 Bf6 36. Ne4 Bd4 37. Ng3 g6 38. Re2 Rd6 39. Ne4
Rd7 40. Rd2 f5 41. Ng5 Be3 42. Ne6+ Kf7 43. Re2 Rxd3 44. Nc7 Rd2 45. Rxd2 Bxd2
46. Nb5 Ke6 47. Nxa7 Kd6 48. Nb5+ Kc5 49. Kf2 Bf4 50. h3 Kxc4 51. Na7 Bd6
52. Nc8 Bc5+ 53. Ke2 Kd5 54. Kd3 b5 0-1

[Event "9ème Open International de Rouen"]
[Site "Hôtel de Région - 76000 Rouen"]
[Date "2016.12.19"]
[Round "4.8"]
[White "Yuan, Beline"]
[Black "Daniel, Antoine"]
[Result "1/2-1/2"]
[WhiteElo "1800"]
[BlackElo "1983"]
[PlyCount "54"]
[EventDate "2016.??.??"]

1. d4 f5 2. c4 Nf6 3. Nc3 d6 4. Nf3 Nbd7 5. g3 g6 6. Bg2 c6 7. Ng5 Nb6 8. d5
cxd5 9. cxd5 Bg7 10. h3 h6 11. Nf3 O-O 12. Nd4 Kh7 13. Qd3 Nbd7 14. Ne6 Nc5
15. Nxf8+ Bxf8 16. Qc2 a5 17. O-O Bd7 18. Be3 b6 19. Bd4 Bg7 20. Kh2 Rc8
21. Qd2 Qg8 22. Rac1 Be8 23. Rce1 Bf7 24. e4 fxe4 25. Nxe4 Ncxe4 26. Bxe4 Rc4
27. Bxf6 Bxf6 1/2-1/2

[Event "9ème Open International de Rouen"]
[Site "Hôtel de Région - 76000 Rouen"]
[Date "2016.12.19"]
[Round "4.9"]
[White "Lelievre, Clement"]
[Black "Blondel, Jerome"]
[Result "0-1"]
[WhiteElo "1786"]
[BlackElo "1963"]
[PlyCount "50"]
[EventDate "2016.??.??"]

1. e4 e5 2. Nf3 Nc6 3. Bb5 Nf6 4. d3 Bc5 5. O-O d6 6. h3 h6 7. c3 O-O 8. d4
Bb6 9. Re1 Bd7 10. a4 a6 11. Bc4 Re8 12. Qd3 d5 13. Bxd5 Nxd5 14. exd5 Ne7
15. Rxe5 f6 16. Rh5 f5 17. Ne5 Nxd5 18. Qg3 f4 19. Qg6 Re6 20. Qf7+ Kh8
21. Nxd7 Re1+ 22. Kh2 Rxc1 23. Rxd5 Qh4 24. Ne5 Qxf2 25. Qxf4 Qxf4+ 0-1

[Event "9ème Open International de Rouen"]
[Site "Hôtel de Région - 76000 Rouen"]
[Date "2016.12.19"]
[Round "4.10"]
[White "Ruch, Bernard"]
[Black "Bertrand, Julien"]
[Result "0-1"]
[WhiteElo "1934"]
[BlackElo "1799"]
[PlyCount "86"]
[EventDate "2016.??.??"]

1. d4 g6 2. Nf3 Nf6 3. c3 Bg7 4. Nbd2 d5 5. e3 Nbd7 6. Bd3 c5 7. O-O O-O
8. Re1 Qc7 9. e4 dxe4 10. Nxe4 Nxe4 11. Bxe4 Nf6 12. Bc2 cxd4 13. Nxd4 a6
14. Qe2 Re8 15. Bg5 Bd7 16. Bh4 Rac8 17. Bb3 Qc5 18. Rad1 Bg4 19. Nf3 Qh5
20. Bg3 e6 21. h3 Bxf3 22. Qxf3 Qxf3 23. gxf3 h6 24. Rd3 Red8 25. Red1 Rxd3
26. Rxd3 Bf8 27. Be5 Be7 28. Bf4 g5 29. Be3 Rd8 30. Rxd8+ Bxd8 31. f4 g4
32. Kg2 gxh3+ 33. Kxh3 Nd5 34. Bd2 Bc7 35. f5 Kg7 36. fxe6 fxe6 37. Kg4 Be5
38. Bxd5 exd5 39. Kh5 Kf6 40. Kxh6 Kf5 41. Kh5 d4 42. f3 d3 43. c4 Bf4 0-1

[Event "9ème Open International de Rouen"]
[Site "Hôtel de Région - 76000 Rouen"]
[Date "2016.12.19"]
[Round "4.11"]
[White "Herault, Theotime"]
[Black "Schmitt, Matthieu"]
[Result "0-1"]
[WhiteElo "1772"]
[BlackElo "1928"]
[PlyCount "146"]
[EventDate "2016.??.??"]

1. d4 d5 2. c4 e5 3. dxe5 d4 4. Nf3 Nc6 5. a3 Nge7 6. e3 Bg4 7. Be2 dxe3
8. Qxd8+ Rxd8 9. Bxe3 Ng6 10. Nbd2 Ngxe5 11. O-O-O Be7 12. h3 Bf5 13. Nb3 Nd3+
14. Bxd3 Bxd3 15. Nbd2 O-O 16. Rhe1 Rd7 17. c5 Rfd8 18. b4 a5 19. b5 Bxb5
20. Nb3 Rxd1+ 21. Rxd1 Rxd1+ 22. Kxd1 Bf1 23. Ne1 a4 24. Nc1 Na5 25. Ncd3 Nc4
26. Bc1 Bxd3 27. Nxd3 b6 28. Kc2 bxc5 29. Kc3 Nb6 30. Be3 Bf6+ 31. Kc2 c4
32. Nc5 Kf8 33. Na6 Be5 34. f4 Bd6 35. Bc5 Nd5 36. Nxc7 Bxc5 37. Nxd5 Bxa3
38. Nb6 Bd6 39. Nxa4 Bxf4 40. Nb2 Ke7 41. Nxc4 Ke6 42. Kd3 Kf5 43. Nb6 h5
44. Nd5 g6 45. Ke2 Ke5 46. Nc3 f5 47. Kf3 Bd2 48. Ne2 Bg5 49. g3 Bd2 50. Ng1 g5
51. Ke2 Bc1 52. Nf3+ Ke4 53. Ne1 Be3 54. Ng2 Bd4 55. Ne1 g4 56. hxg4 hxg4
57. Ng2 Be5 58. Kf2 Bf6 59. Nf4 Bg5 60. Ng2 Kd3 61. Ne1+ Kd2 62. Ng2 Bf6
63. Nf4 Bd4+ 64. Kg2 Be3 65. Ng6 Kd3 66. Nh4 Ke4 67. Kf1 Bg5 68. Ng2 Kf3
69. Nh4+ Bxh4 70. gxh4 Kf4 71. Kg2 Ke5 72. Kg3 Kf6 73. Kf4 Kg6 0-1

[Event "9ème Open International de Rouen"]
[Site "Hôtel de Région - 76000 Rouen"]
[Date "2016.12.19"]
[Round "4.12"]
[White "Piassale, Nils"]
[Black "Hameau, Cyril"]
[Result "1-0"]
[WhiteElo "1722"]
[BlackElo "1879"]
[PlyCount "95"]
[EventDate "2016.??.??"]

1. e4 Nf6 2. e5 Nd5 3. d4 d6 4. c4 Nb6 5. exd6 cxd6 6. Nc3 g6 7. Be3 Bg7 8. b3
O-O 9. h3 Nc6 10. Nf3 Nd7 11. Rc1 Qa5 12. Be2 e5 13. d5 Ne7 14. O-O a6 15. Ne4
Nf5 16. Bd2 Qb6 17. b4 Nf6 18. c5 Qd8 19. Bg5 h6 20. Bxf6 Bxf6 21. g4 Nh4
22. Nxd6 Nxf3+ 23. Bxf3 Bg5 24. Rb1 Bf4 25. Ne4 f5 26. Ng3 Qh4 27. Kg2 Re8
28. d6 Qd8 29. Bd5+ Kh7 30. Qf3 Ra7 31. gxf5 gxf5 32. Qh5 Rf8 33. h4 b6
34. Rfd1 Rg7 35. c6 e4 36. d7 Bxd7 37. cxd7 e3 38. Qf3 Qxh4 39. Rd4 Rg4 40. Rh1
Qg5 41. Rh3 exf2 42. Kxf2 Bxg3+ 43. Rxg3 h5 44. Be6 Qh4 45. d8=Q Rxd8 46. Bxf5+
Kh8 47. Rxd8+ Qxd8 48. Bxg4 1-0

[Event "9ème Open International de Rouen"]
[Site "Hôtel de Région - 76000 Rouen"]
[Date "2016.12.19"]
[Round "4.13"]
[White "Bureau-Leroyer, Lola"]
[Black "Bordais, Dominique"]
[Result "0-1"]
[WhiteElo "1595"]
[BlackElo "1876"]
[PlyCount "62"]
[EventDate "2016.??.??"]

1. Nf3 d5 2. c4 dxc4 3. e4 e6 4. Bxc4 Nf6 5. Nc3 a6 6. Bb3 b5 7. Bc2 Bb7 8. e5
Nd5 9. d4 c5 10. Nxd5 Bxd5 11. O-O Nc6 12. Be3 cxd4 13. Bxd4 Bxf3 14. Qxf3 Nxd4
15. Qe4 Qd5 16. Rfd1 Qxe4 17. Bxe4 Rd8 18. Kf1 Bc5 19. Rac1 Bb6 20. Rd3 Ke7
21. Rdc3 Rd7 22. f4 g6 23. Bc6 Rc7 24. Be4 Rhc8 25. Bb7 Rxc3 26. bxc3 Rc7
27. Bxa6 b4 28. c4 Bc5 29. Bb5 Ra7 30. Ra1 Ra3 31. g3 b3 0-1

[Event "9ème Open International de Rouen"]
[Site "Hôtel de Région - 76000 Rouen"]
[Date "2016.12.19"]
[Round "4.14"]
[White "Javor, Besim"]
[Black "Ayoub, Georges"]
[Result "1/2-1/2"]
[WhiteElo "1873"]
[BlackElo "1761"]
[PlyCount "194"]
[EventDate "2016.??.??"]

1. d4 Nf6 2. Bf4 g6 3. e3 Bg7 4. c3 O-O 5. Be2 d6 6. Nd2 Nc6 7. Ngf3 Kh8 8. h3
Nd7 9. O-O e5 10. Bg3 f5 11. dxe5 Ndxe5 12. Nd4 Bd7 13. N2f3 Qe7 14. Qc2 Rae8
15. Nxc6 Bxc6 16. Nd4 Be4 17. Qd1 b6 18. Nf3 Bb7 19. Re1 Nd7 20. Qd2 Nc5
21. Qd1 Ne4 22. Bh2 Bc6 23. Bd3 Qf7 24. Qe2 Nc5 25. Bb5 Qd7 26. Bxc6 Qxc6
27. Nd4 Qd7 28. Nb3 Ne4 29. Qd3 a5 30. Rad1 Qe6 31. Qd5 Qe7 32. Nd2 Qf6 33. Rf1
Nc5 34. Qc4 Re7 35. Bg3 Ne4 36. Nxe4 fxe4 37. Qd5 Re6 38. Rd2 Qe7 39. Rfd1 Rf5
40. Qc4 Rf7 41. Rd5 Kg8 42. Qe2 Be5 43. Bxe5 Rxe5 44. c4 Qf6 45. R1d2 Rf5
46. Rxf5 Qxf5 47. Qg4 Qe5 48. Qe2 Qf6 49. Rd4 Qf5 50. Qc2 Re7 51. Qe2 Rf7
52. b3 h5 53. Rd5 Qf6 54. Qc2 Re7 55. Rd4 Qf5 56. Rd5 Qf6 57. Qe2 Qg7 58. Rd2
Qa1+ 59. Rd1 Qf6 60. Qd2 Kh7 61. Qd4 Qf5 62. Rd2 Re8 63. Qd5 Re5 64. Qd4 g5
65. Qc3 g4 66. h4 Qe6 67. Rd5 Rf5 68. Rxf5 Qxf5 69. Qd4 Kg6 70. Kf1 g3 71. Qd2
Qg4 72. fxg3 Qxg3 73. Qf2 Qxf2+ 74. Kxf2 Kf5 75. Kg3 c6 76. Kh3 b5 77. cxb5
cxb5 78. g4+ hxg4+ 79. Kg3 a4 80. bxa4 bxa4 81. h5 Kg5 82. h6 Kxh6 83. Kxg4 Kg6
84. Kf4 Kf6 85. Kxe4 Ke6 86. a3 d5+ 87. Kd4 Kd6 88. Kd3 Ke5 89. Kd2 Ke4 90. Ke2
d4 91. exd4 Kxd4 92. Kd2 Kc4 93. Kc2 Kd4 94. Kb2 Kd3 95. Ka2 Kc3 96. Kb1 Kb3
97. Ka1 Kxa3 1/2-1/2

[Event "9ème Open International de Rouen"]
[Site "Hôtel de Région - 76000 Rouen"]
[Date "2016.12.19"]
[Round "4.15"]
[White "Vouin, Denis"]
[Black "Leleu, Andre"]
[Result "0-1"]
[WhiteElo "1709"]
[BlackElo "1848"]
[PlyCount "52"]
[EventDate "2016.??.??"]

1. e4 c5 2. Nc3 g6 3. g3 Bg7 4. Bg2 Nc6 5. d3 Rb8 6. a4 d6 7. Nce2 Bd7 8. Nf3
Nf6 9. O-O O-O 10. Bd2 d5 11. Bf4 Rc8 12. Ne5 Be6 13. c3 dxe4 14. Nxc6 Rxc6
15. dxe4 Ng4 16. Qc2 Qa5 17. h3 Ne5 18. Rfd1 Rb6 19. Nc1 Nc4 20. b4 cxb4
21. Bc7 Bxc3 22. Nb3 Qg5 23. Bxb6 Bxa1 24. Rxa1 axb6 25. Nd4 Qe5 26. f4 Qxd4+
0-1

[Event "9ème Open International de Rouen"]
[Site "Hôtel de Région - 76000 Rouen"]
[Date "2016.12.19"]
[Round "4.16"]
[White "Veniat, Nicolas"]
[Black "Cardon, Guillaume"]
[Result "1-0"]
[WhiteElo "1847"]
[BlackElo "1735"]
[PlyCount "91"]
[EventDate "2016.??.??"]

1. e4 c5 2. Nc3 e6 3. g3 Nc6 4. Bg2 d6 5. d3 Nf6 6. f4 e5 7. f5 Bd7 8. Bg5 Be7
9. Nge2 Ng4 10. Bxe7 Nxe7 11. Qd2 h6 12. O-O Bc6 13. a4 a5 14. Nd1 Qc7 15. c4
Bd7 16. Ndc3 b6 17. Rae1 Bc6 18. b3 Bd7 19. Rf3 Nf6 20. Ref1 O-O-O 21. Rc1 h5
22. Nd5 Nexd5 23. cxd5 h4 24. Rff1 hxg3 25. hxg3 Rh5 26. d4 exd4 27. Nxd4 Re8
28. Rfe1 Kb8 29. Nc2 Re5 30. b4 axb4 31. Nxb4 Qa7 32. Nd3 Qxa4 33. Nxe5 dxe5
34. Ra1 Qd4+ 35. Qxd4 cxd4 36. Ra6 b5 37. Rea1 Rg5 38. Ra8+ Kb7 39. Kf2 Kb6
40. Bf1 Kc5 41. Rc1+ Kb6 42. Rf8 Be8 43. d6 b4 44. Rxe8 b3 45. Rb8+ Ka7
46. Rxb3 1-0

[Event "9ème Open International de Rouen"]
[Site "Hôtel de Région - 76000 Rouen"]
[Date "2016.12.19"]
[Round "4.17"]
[White "Andrieu, Philippe"]
[Black "Bailly, Thierry"]
[Result "1-0"]
[WhiteElo "1831"]
[BlackElo "1716"]
[PlyCount "123"]
[EventDate "2016.??.??"]

1. c4 Nf6 2. d4 e6 3. Nf3 d5 4. cxd5 exd5 5. Bg5 h6 6. Bh4 Bf5 7. Qb3 Nbd7
8. e3 Nb6 9. Nc3 c6 10. Be2 Be7 11. O-O O-O 12. Nd2 Ne4 13. Ncxe4 dxe4 14. Bg3
Be6 15. Qc2 f5 16. a3 g5 17. Be5 Bf6 18. Bxf6 Qxf6 19. b4 Qf7 20. a4 Nd5
21. Rab1 Nb6 22. a5 Nd7 23. f3 exf3 24. Bxf3 Rac8 25. e4 fxe4 26. Bxe4 Qg7
27. Qd3 Nf6 28. Rbe1 Bd5 29. Bf5 Rce8 30. Nf3 Nh5 31. Be4 Bxe4 32. Rxe4 Nf4
33. Qc2 g4 34. Rxe8 Rxe8 35. Ne5 Rf8 36. Qc4+ Kh7 37. Qc2+ Kg8 38. Kh1 Nd5
39. Rxf8+ Qxf8 40. Qg6+ Qg7 41. Qe6+ Kh7 42. Qf5+ Kg8 43. Nxg4 Qxd4 44. Nxh6+
Kg7 45. Qg5+ Kh7 46. h3 Qg7 47. Qxg7+ Kxg7 48. Nf5+ Kf6 49. Nd6 Nxb4 50. Nxb7
Nd3 51. Kg1 c5 52. Kf1 c4 53. Nd6 Nb2 54. Ke2 Ke5 55. Nb5 a6 56. Nc3 Kd4
57. Kd2 Nd3 58. h4 Ke5 59. g3 Kf5 60. Ne2 Nc5 61. Kc3 Nb3 62. Nd4+ 1-0

[Event "9ème Open International de Rouen"]
[Site "Hôtel de Région - 76000 Rouen"]
[Date "2016.12.19"]
[Round "4.18"]
[White "Cassiau, Kevin"]
[Black "Pinchon, Henri"]
[Result "0-1"]
[WhiteElo "1509"]
[BlackElo "1819"]
[PlyCount "44"]
[EventDate "2016.??.??"]

1. e4 c5 2. c3 e6 3. d4 d5 4. e5 Nc6 5. Nf3 Nge7 6. Bd3 Ng6 7. O-O Be7 8. Re1
Bd7 9. Be3 Rc8 10. Nbd2 cxd4 11. cxd4 Nb4 12. Bb1 Qc7 13. Qb3 a5 14. a3 a4
15. Qc3 Qb8 16. axb4 Rxc3 17. bxc3 O-O 18. Bd3 b5 19. Nf1 Rc8 20. Rec1 Rc7
21. Ne1 Qc8 22. Ra3 Bxb4 0-1

[Event "9ème Open International de Rouen"]
[Site "Hôtel de Région - 76000 Rouen"]
[Date "2016.12.19"]
[Round "4.19"]
[White "Mergen, Bat"]
[Black "Pheng, Wissam"]
[Result "1-0"]
[WhiteElo "1802"]
[BlackElo "1708"]
[PlyCount "87"]
[EventDate "2016.??.??"]

1. d4 f5 2. c4 g6 3. Nc3 Bg7 4. Nf3 Nf6 5. g3 O-O 6. Bg2 d6 7. O-O c6 8. Qc2
Qe8 9. d5 e5 10. e4 Nh5 11. Bd2 f4 12. Ne2 Bh6 13. h3 g5 14. g4 Nf6 15. Nh2 Rf7
16. f3 Bf8 17. b4 Be7 18. a4 Bd8 19. a5 Rc7 20. Qd3 a6 21. Nc3 Rg7 22. Na4 cxd5
23. cxd5 Bd7 24. Qb3 Bxa4 25. Rxa4 b5 26. Raa1 Rc7 27. Rac1 Nbd7 28. Rc6 Qf8
29. Rfc1 Rac8 30. Be1 Nb8 31. Rxc7 Bxc7 32. Kh1 Ne8 33. Bf2 Nd7 34. Bb6 Qe7
35. Rc3 Qd8 36. Qc2 Kg7 37. Nf1 h6 38. Nd2 Kf7 39. Nb1 Kg8 40. Na3 Kg7 41. Bf1
Kf7 42. Bxb5 axb5 43. Nxb5 Bxb6 44. Rxc8 1-0

[Event "9ème Open International de Rouen"]
[Site "Hôtel de Région - 76000 Rouen"]
[Date "2016.12.19"]
[Round "4.20"]
[White "Adyel, Samir"]
[Black "Delin, Valere"]
[Result "1-0"]
[WhiteElo "2076"]
[BlackElo "1346"]
[PlyCount "73"]
[EventDate "2016.??.??"]

1. d4 Nf6 2. Nc3 d5 3. Bg5 Bf5 4. f3 Nc6 5. e3 Qd6 6. Qd2 Qb4 7. O-O-O Qa5
8. Bd3 Bxd3 9. Qxd3 O-O-O 10. Kb1 e6 11. Nge2 a6 12. Nc1 Qb6 13. Nb3 Na5
14. Nxa5 Qxa5 15. Ne2 Rd6 16. Nc1 Rb6 17. Bh4 Qb5 18. Qxb5 Rxb5 19. Nd3 Bd6
20. Be1 c5 21. a4 Rb6 22. dxc5 Bxc5 23. Nxc5 Rc6 24. Nd3 Nd7 25. b3 f6 26. Kb2
Kb8 27. Nb4 Rb6 28. e4 Nc5 29. exd5 a5 30. Nd3 Nxa4+ 31. Kb1 Nc3+ 32. Bxc3 Rc8
33. Nc5 Rb5 34. Nd7+ Ka8 35. Bd4 Rc7 36. dxe6 Rd5 37. Nb6+ 1-0

[Event "9ème Open International de Rouen"]
[Site "Hôtel de Région - 76000 Rouen"]
[Date "2016.12.19"]
[Round "4.21"]
[White "Dorin, Herve"]
[Black "Delaruelle, Christian"]
[Result "0-1"]
[WhiteElo "1620"]
[BlackElo "1840"]
[PlyCount "100"]
[EventDate "2016.??.??"]

1. e4 e5 2. Nc3 Nc6 3. Bb5 Bc5 4. Nf3 d6 5. d3 a6 6. Bxc6+ bxc6 7. O-O Nf6
8. Be3 Bxe3 9. fxe3 O-O 10. Qe1 Re8 11. Qh4 h6 12. Rad1 Be6 13. a3 Rb8 14. b3
Ng4 15. Qe1 d5 16. exd5 cxd5 17. e4 d4 18. Nb1 Ne3 19. Rd2 Nxf1 20. Qxf1 f6
21. Rf2 Qe7 22. a4 Rb6 23. Nbd2 Reb8 24. Nc4 Bxc4 25. dxc4 Qd7 26. Qd3 c5
27. Nh4 Kh7 28. Nf5 g6 29. Nh4 Qg4 30. Nf3 Re8 31. h3 Qe6 32. Nh4 Rf8 33. g4
Rb7 34. Rf3 Rbf7 35. Qf1 Qe7 36. Qf2 f5 37. gxf5 gxf5 38. Nxf5 Qg5+ 39. Kh2
Rxf5 40. Rxf5 Rxf5 41. Qxf5+ Qxf5 42. exf5 e4 43. Kg2 Kg7 44. Kf2 Kf6 45. b4
cxb4 46. c5 Kxf5 47. c6 Ke6 48. c7 Kd7 49. Ke2 Kxc7 50. a5 Kc6 0-1

[Event "9ème Open International de Rouen"]
[Site "Hôtel de Région - 76000 Rouen"]
[Date "2016.12.19"]
[Round "4.22"]
[White "Naji, Nil"]
[Black "Roussel, Maxime"]
[Result "1-0"]
[WhiteElo "1825"]
[BlackElo "1587"]
[PlyCount "41"]
[EventDate "2016.??.??"]

1. e4 d5 2. Nc3 d4 3. Nce2 Nf6 4. Ng3 e5 5. Bc4 Nc6 6. Nf3 Be7 7. a4 Bg4 8. h3
Bd7 9. c3 O-O 10. cxd4 exd4 11. O-O Bd6 12. d3 Na5 13. e5 Nxc4 14. dxc4 Bxe5
15. Nxe5 c5 16. Bg5 Be6 17. Ng4 Bxc4 18. Nxf6+ gxf6 19. Bh6 Bxf1 20. Qg4+ Kh8
21. Qg7# 1-0

[Event "9ème Open International de Rouen"]
[Site "Hôtel de Région - 76000 Rouen"]
[Date "2016.12.19"]
[Round "4.23"]
[White "Guillaumat, Jean-Pierre"]
[Black "Lefebvre, Willy"]
[Result "1-0"]
[WhiteElo "1794"]
[BlackElo "1527"]
[PlyCount "97"]
[EventDate "2016.??.??"]

1. d4 e6 2. Nf3 f5 3. g3 d5 4. Bg2 Nf6 5. O-O Bd6 6. c4 O-O 7. Qc2 Ne4 8. c5
Be7 9. b4 c6 10. a4 Nd7 11. Bb2 Qe8 12. Nbd2 Qh5 13. e3 Rf6 14. Rfe1 Rh6
15. Nf1 Ndf6 16. Ne5 Ng4 17. Nxg4 Qxg4 18. f3 Qh5 19. fxe4 fxe4 20. Qe2 Qf7
21. Nd2 Bd7 22. Rf1 Qg6 23. Rf2 Rf8 24. Rxf8+ Kxf8 25. Rf1+ Kg8 26. Bc1 Qg5
27. Rf4 e5 28. dxe5 Qxe5 29. Nf1 Bg5 30. Bb2 Qe7 31. Rf2 Bf6 32. Bxf6 Rxf6
33. Rxf6 Qxf6 34. Qd2 b6 35. Bxe4 bxc5 36. bxc5 Qe7 37. Bg2 Qxc5 38. Qd4 Qa5
39. e4 Kf8 40. exd5 cxd5 41. Bxd5 Qxa4 42. Qxa4 Bxa4 43. Kf2 Bb5 44. Nd2 a5
45. Ke3 Ke7 46. Kd4 Bd7 47. Nc4 a4 48. Ke5 h6 49. Na3
{
Feuilles de parties illisibles, gain Blanc au 79ème coup.} 1-0

[Event "9ème Open International de Rouen"]
[Site "Hôtel de Région - 76000 Rouen"]
[Date "2016.12.19"]
[Round "4.24"]
[White "Fourcart, Marc"]
[Black "Zinoun, Said"]
[Result "1/2-1/2"]
[WhiteElo "1706"]
[BlackElo "1458"]
[PlyCount "83"]
[EventDate "2016.??.??"]

1. d4 Nf6 2. Nf3 d6 3. c4 g6 4. Bg5 Nbd7 5. Qd2 Ne4 6. Qc1 Nxg5 7. Nxg5 c5
8. Nf3 Bg7 9. e3 O-O 10. h4 h5 11. Ng5 Qa5+ 12. Qc3 Qxc3+ 13. bxc3 e5 14. Ne4
exd4 15. Nxd6 dxc3 16. Na3 Nb6 17. Nc2 Rd8 18. O-O-O Na4 19. g3 Bg4 20. Bg2
Bxd1 21. Rxd1 Nb2 22. Rd5 Nxc4 23. Nxc4 Rxd5 24. Bxd5 Rb8 25. a4 b6 26. e4 a6
27. Ne1 b5 28. axb5 axb5 29. Nd6 b4 30. Bxf7+ Kf8 31. Bb3 Bd4 32. f4 Bf2
33. Nd3 Bxg3 34. e5 Ra8 35. Ne4 Bxh4 36. Ndxc5 Be7 37. Nd3 h4 38. Kb1 Kg7
39. Nef2 Rd8 40. Kc2 Rh8 41. Nh3 Ra8 42. Kb1 1/2-1/2

[Event "9ème Open International de Rouen"]
[Site "Hôtel de Région - 76000 Rouen"]
[Date "2016.12.19"]
[Round "4.25"]
[White "Heckly, Jean-Louis"]
[Black "Martine, Valentin"]
[Result "0-1"]
[WhiteElo "1606"]
[BlackElo "1619"]
[PlyCount "90"]
[EventDate "2016.??.??"]

1. e4 e6 2. d3 d5 3. Nd2 Nf6 4. e5 Nfd7 5. Ngf3 c5 6. c3 Nc6 7. d4 Qb6 8. Nb3
a5 9. a4 cxd4 10. cxd4 Bb4+ 11. Bd2 Bxd2+ 12. Nfxd2 Nxd4 13. Nxd4 Qxd4 14. Nf3
Qxb2 15. Rb1 Qc3+ 16. Qd2 Qxd2+ 17. Kxd2 O-O 18. Bb5 Rb8 19. Rhc1 Rd8 20. Rc7
b6 21. Rbc1 Nc5 22. Rc2 Rb7 23. Rxb7 Bxb7 24. Nd4 Rc8 25. Ke3 Na6 26. Rxc8+
Bxc8 27. Nc6 Kf8 28. f4 Nc7 29. Na7 Bb7 30. Bd3 h6 31. g4 Ke7 32. h4 f6
33. exf6+ Kxf6 34. Kd4 Ne8 35. Nb5 Bc6 36. Nc3 Ke7 37. f5 Nf6 38. g5 Ng4
39. fxe6 Kxe6 40. Be2 Nf2 41. Bf3 Ne4 42. Bxe4 dxe4 43. gxh6 gxh6 44. Ke3 Kf5
45. Kd4 Kf4 0-1

[Event "9ème Open International de Rouen"]
[Site "Hôtel de Région - 76000 Rouen"]
[Date "2016.12.19"]
[Round "4.26"]
[White "Cleaud, Cyril"]
[Black "Coquelin, Jonathan"]
[Result "1-0"]
[WhiteElo "1761"]
[BlackElo "1439"]
[PlyCount "123"]
[EventDate "2016.??.??"]

1. d4 d5 2. Nf3 e6 3. e3 Nf6 4. Nbd2 c5 5. c3 Nbd7 6. Bd3 Be7 7. O-O O-O 8. b3
b6 9. Bb2 Bb7 10. Qc2 Rc8 11. e4 dxe4 12. Nxe4 Nxe4 13. Bxe4 Bxe4 14. Qxe4 Nf6
15. Qd3 cxd4 16. Nxd4 Bc5 17. Rfd1 Qd6 18. Nb5 Qxd3 19. Rxd3 a6 20. Nd4 Rfd8
21. Rad1 Nd5 22. g3 Be7 23. a3 Bf6 24. c4 Ne7 25. Bc1 Ng6 26. Nc2 Ne5 27. Rxd8+
Rxd8 28. Rxd8+ Bxd8 29. Be3 Kf8 30. Nd4 Ke8 31. f4 Nd3 32. Kf1 Kd7 33. Ke2 Nc5
34. b4 Nb7 35. Kd3 Kc7 36. Nb3 Bf6 37. Bd4 Bxd4 38. Kxd4 Kd6 39. Nd2 f6
40. Ne4+ Kc6 41. Nf2 Nd6 42. g4 g5 43. fxg5 fxg5 44. Ne4 Nxe4 45. Kxe4 Kd6
46. Kd4 h6 47. h3 e5+ 48. Ke4 Ke6 49. c5 b5 50. c6 Kd6 51. c7 Kxc7 52. Kxe5 Kc6
53. Ke6 Kb6 54. Kd6 a5 55. Kd5 axb4 56. axb4 Ka6 57. Kc6 Ka7 58. Kxb5 Kb7
59. Kc5 Kc7 60. b5 Kb7 61. Kd6 Kb6 62. Ke6 1-0